banner koha

Anuário brasileiro da cana-de-açúcar; brazilian sugar cane yearbook 2015 (Registro n. 81721)

MARC details
000 -LÍDER
campo de controle de tamanho fixo 00994nam a22003497a 4500
001 - NÚMERO DE CONTROLE
campo de controle BR2016000616
003 - IDENTIFICADOR DO NÚMERO DE CONTROLE
campo de controle BR-BrBNA
005 - DATA E HORÁRIO DA ÚLTIMA TRANSAÇÃO
campo de controle 20230928104759.0
007 - CAMPO FIXO DE DESCRIÇÃO FÍSICA--INFORMAÇÃO GERAL
campo de controle de tamanho fixo ta
008 - CAMPO DE DADOS FIXOS--INFORMAÇÃO GERAL
campo de controle de tamanho fixo 230509b bl.||||| |||| 00| 0 por d
040 ## - FONTE DA CATALOGAÇÃO
Instituição da catalogação original BR-BrBNA
Idioma da catalogação por
Instituição que transcreveu o registro Biblioteca Nacional de Agricultura
041 ## - CÓDIGO DE IDIOMA
Código do idioma do texto/trilha sonora ou título diferente (Eng, Por)
072 ## - CÓDIGO DE CATEGORIA DE ASSUNTO
Código de Categoria de Assunto E16
Código do objeto 0230
-- 9320
090 ## - NÚMERO DE CHAMADA LOCAL
-- 0230 BR2016000616
100 1# - ENTRADA PRINCIPAL--NOME PESSOAL
Nome pessoal Beling, R.R. (ed.)
100 1# - ENTRADA PRINCIPAL--NOME PESSOAL
Nome pessoal Muller, I.
100 1# - ENTRADA PRINCIPAL--NOME PESSOAL
Nome pessoal Kist, B.B.
100 1# - ENTRADA PRINCIPAL--NOME PESSOAL
Nome pessoal Santos, C.E. dos
100 1# - ENTRADA PRINCIPAL--NOME PESSOAL
Nome pessoal Carvalho, C. de
100 1# - ENTRADA PRINCIPAL--NOME PESSOAL
Nome pessoal Mendes, L.
110 1# - ENTRADA PRINCIPAL--NOME CORPORATIVO
Nome corporativo ou nome da jurisdição Gazeta Santa Cruz do Sul, Santa Cruz do Sul, RS (Brasil)
9 (RLIN) 5229
245 1# - TÍTULO
Título Anuário brasileiro da cana-de-açúcar; brazilian sugar cane yearbook 2015
260 3# - PUBLICAÇÃO, DISTRIBUIÇÃO, ETC.
Local de publicação, distribuição, etc. Santa Cruz do Sul, RS (Brasil):
Data da publicação, distribuição, etc. 2015.
300 ## - DESCRIÇÃO FÍSICA
Extensão 64 p.
500 ## - NOTA GERAL
Nota geral 31 illus.; 16 tables
650 ## - ASSUNTO--TERMO TÓPICO
Cabeçalho tópico ou nome geográfico CANA DE AÇÚCAR
650 ## - ASSUNTO--TERMO TÓPICO
Cabeçalho tópico ou nome geográfico CACHAÇA
650 ## - ASSUNTO--TERMO TÓPICO
Cabeçalho tópico ou nome geográfico AGUARDENTE
650 ## - ASSUNTO--TERMO TÓPICO
Cabeçalho tópico ou nome geográfico ENERGIA
909 ## -
-- 202309
-- Lucia
-- 55
-- Lucia Elande
942 ## - ELEMENTOS DE ENTRADA ADICIONADOS (KOHA)
Tipo de material Koha Livros
Exemplares
Situação do descarte Fonte da classificação ou esquema de arquivamento na estante Situação física Não pode ser emprestado Coleção Biblioteca de origem Biblioteca atual Total de empréstimos Número de telefone completo Código de barras Data de último acesso Número do exemplar Tipo de material Koha Situação das perdas Data de aquisição Fonte de aquisição
  Classificação AGRIS       Biblioteca Nacional de Agricultura - Binagri Biblioteca Nacional de Agricultura - Binagri   0230 BR2016000616 0230 BR2016000616 25/09/2023 01 Livros   2023-09-25 Portaria Interministerial nº 164/94

BINAGRI

Telefone: (61)3218-2567/2388/3357/2097 - binagri@agro.gov.br

Ministério da Agricultura e Pecuária , Esplanada dos Ministérios, Bloco D, Anexo B, Brasília/DF, CEP: 70.043-900